000 00823pab a2200169 454500
008 180718b2005 xxu||||| |||| 00| 0 eng d
100 _aMohan, Saumitra
245 _aRehabilitation of socially alienated under RSVY
260 _c2005
300 _ap.45-48.
362 _aNov
520 _aRashtriya Sam Vikas Yojana (RSVY) is an initiative by the Planning Commission with a view to address the problems of high poverty, low growth and poor governance by putting in place programmes which would remove barriers to growth and accelerate the developmental process. RSVY offers adequate flexibility to tailor projects and schemes compatible with the socio-economic and cultural context of the region. -Reproduced.
650 _aRashtriya Sam Vikas Yojana
650 _aPoverty
773 _aKurukshetra
909 _a67639
999 _c67639
_d67639